Estilística, poética y semiótica literaria
Збережено в:
| Автор: | |
|---|---|
| Формат: | Книга |
| Мова: | Undetermined |
| Опубліковано: |
Madrid, España
Alianza Editorial
1974
|
| Предмети: | |
| Теги: |
Додати тег
Немає тегів, Будьте першим, хто поставить тег для цього запису!
|
MARC
| LEADER | 00000nam a2200000Ia 4500 | ||
|---|---|---|---|
| 008 | 170316s9999 xx 000 0 und d | ||
| 090 | |a 801 Y-4e | ||
| 100 | |a Yllera, Alicia | ||
| 245 | |a Estilística, poética y semiótica literaria | ||
| 260 | |a Madrid, España | ||
| 260 | |b Alianza Editorial | ||
| 260 | |c 1974 | ||
| 300 | |a 186 páginas | ||
| 650 | |a TEORÍA LITERARIA | ||
| 650 | |a LA ESTILÍSTICA | ||
| 650 | |a LA POÉTICA | ||
| 650 | |a SEMIÓTICA | ||
| 650 | |a PROBLEMAS Y SINTESIS | ||
| 650 | |a SEMIOLOGÍA | ||
| 999 | |c 20768 |d 20768 | ||
| 040 | |a cru BVZT | ||
| 942 | |c 15 D |h 801 Y-4e |2 z | ||
